00469 2200193 4500001002100000005001500021035002000036007000300056008004100059020001800100082000800118084001400126100002000140245003700160260003800197300000700235650002000242990001300262INLIS00000000000011920221118084410 a0010-1122000119ta221118 g 0 ind  a979-3832-17-7 a813 a813 PUT s0 aPutu Sugih arta1 aSenggigi Moon /cPutu Sugih arta a2008 :bCV. Mahani persada,c2008 a1, 4aFiksi Indonesia a03730373